Statistics for Biggest Cities In New Hampshire by Population

Click here to take the quiz!

General Stats

  • This quiz has been taken 46 times
    (40 since last reset)
  • The average score is 5 of 10

Answer Stats

#AnswerPopulation% Correct
1Manchester110,378
100%
3Concord42,419
96%
2Nashua87,137
76%
10Keene23,419
52%
5Dover30,510
44%
6Rochester30,000
44%
4Derry33,000
36%
7Salem28,776
32%
8Merrimack25,494
32%
9Hudson24,467
24%

Score Distribution

Percentile by Number Answered

Percent of People with Each Score

Your Score History

You have not taken this quiz since the last reset